| 000 | 00780nam a2200181Ia 4500 | ||
|---|---|---|---|
| 008 | 151202s9999||||xx |||||||||||||| ||und|| | ||
| 082 | _bPNVM-61742 | ||
| 100 | _aपेरी मेसन -गार्डनर अनुवाद भावे अपर्णा. | ||
| 245 | _aखतरनाक खेळणं. | ||
| 260 | _bस्वप्न प्रकाशन पुणे. | ||
| 260 | _c61742 | ||
| 300 | _a250 | ||
| 600 | _aपेरी मेसन -गार्डनर अनुवाद भावे अपर्णा. | ||
| 630 | _aखतरनाक खेळणं. | ||
| 700 | _aपेरी मेसन -गार्डनर अनुवाद भावे अपर्णा. | ||
| 730 | _aखतरनाक खेळणं. | ||
| 942 | _cBOOK | ||
| 999 |
_c1328276 _d1328273 |
||